| 000 | 01128nam a22003257a 4500 | ||
|---|---|---|---|
| 001 | 143 | ||
| 003 | FISKH | ||
| 005 | 20250210113252.0 | ||
| 008 | 230301b cb ||||| |||| 00| 0 eng d | ||
| 020 | _a9780545505079 | ||
| 040 |
_aDLC _cDLC _dDLC _dFISKH _beng |
||
| 042 |
_alcac _apcc |
||
| 050 | 0 | 0 |
_aPZ7.C59118 _bTr 2011 |
| 082 | 0 | 0 |
_a231 _222 |
| 100 | 1 |
_aClements, Andrew, _d1949-2019, |
|
| 245 | 1 | 0 |
_aTrouble-maker / _cAndrew Clements ; illustrations by Mark Elliott. |
| 250 | _aThis edition first printing, September 2012 | ||
| 260 |
_aNew York : _bScholastic, _c2011 |
||
| 300 |
_a140 pages : _billustrations ; _c20 cm |
||
| 505 | _aR | ||
| 520 | _aWhen his older brother gets in serious trouble, sixth-grader Clay decides to change his own mischief-making ways, but he cannot seem to shake his reputation as a troublemaker. | ||
| 521 | 1 |
_a730
_bLexile |
|
| 521 | 1 |
_aR
_bRaz-Plus |
|
| 650 | 1 |
_aBehavior _vFiction. |
|
| 650 | 1 |
_aSchools _vFiction. |
|
| 650 | 1 |
_aBrothers _vFiction. |
|
| 700 | 1 |
_aElliott, Mark, _d1967- _eillustrator |
|
| 906 |
_a7 _bcbc _corignew _d1 _eecip _f20 _gy-gencatlg |
||
| 942 |
_2ddc _cBK _n0 |
||
| 999 |
_c143 _d143 |
||